|
|
|
|
| LEADER |
03806nam a22003973i 4500 |
| 001 |
EBC6955686 |
| 003 |
MiAaPQ |
| 005 |
20231204023222.0 |
| 006 |
m o d | |
| 007 |
cr cnu|||||||| |
| 008 |
231204s2015 xx o ||||0 ger d |
| 020 |
|
|
|a 9783839404966
|q (electronic bk.)
|
| 020 |
|
|
|z 9783899424966
|
| 035 |
|
|
|a (MiAaPQ)EBC6955686
|
| 035 |
|
|
|a (Au-PeEL)EBL6955686
|
| 035 |
|
|
|a (OCoLC)1313889092
|
| 040 |
|
|
|a MiAaPQ
|b eng
|e rda
|e pn
|c MiAaPQ
|d MiAaPQ
|
| 100 |
1 |
|
|a Varela, María do Mar Castro.
|
| 245 |
1 |
0 |
|a Unzeitgemäße Utopien :
|b Migrantinnen zwischen Selbsterfindung und Gelehrter Hoffnung.
|
| 250 |
|
|
|a 1st ed.
|
| 264 |
|
1 |
|a Bielefeld :
|b transcript,
|c 2015.
|
| 264 |
|
4 |
|c {copy}2015.
|
| 300 |
|
|
|a 1 online resource (305 pages)
|
| 336 |
|
|
|a text
|b txt
|2 rdacontent
|
| 337 |
|
|
|a computer
|b c
|2 rdamedia
|
| 338 |
|
|
|a online resource
|b cr
|2 rdacarrier
|
| 490 |
1 |
|
|a Kultur und soziale Praxis
|
| 505 |
0 |
|
|a Cover Unzeitgemäße Utopien -- Inhalt -- Vorwort -- I THEORETISCHER RAHMEN -- 1 Einführung: Migrantinnen und Utopiediskurse -- 1.1 Das Ende der Utopie? -- 1.2 Vorüberlegungen und Herangehensweise -- 2 Utopie und Migration -- 2.1 Allgemeine Überlegungen zum Utopiebegriff -- 2.2 „Migrieren" und „Visionenentwicklung" als pathologische Praxen -- 2.3 Die Politik des Raumes -- 2.3.1 Vom Kartographieren und Annektieren: Zum Zusammenhang von Utopien und (Post-)Kolonialismus -- 2.3.2 Die Grenze als Metapher -- 2.3.3 Heterotopien: Verwirklichte Utopien -- 2.4 Von Selbsterfindung und Gelehrter Hoffnung -- 2.4.1 Ernst Bloch und das Gelehrte Hoffen -- 2.4.2 Michel Foucault: Utopie, Selbsterfindung und die Frage der Macht -- 3 Migration und Politisierung -- 3.1 Migration und die Idee der Nation -- 3.2 Zur politischen Bedeutung von Migrationsgeschichte(n) -- 3.3 Migrantinnen der Nachfolgegenerationen -- 3.3.1 Zwischen Essentialisierung und Auflehnung -- 3.3.2 Politische Organisiertheit -- 4 Theoretisch-empirische Bewegungen -- 4.1 Gruppendiskussion und Focus Groups -- 4.2 Theoretisches Sampling -- 4.3 Die Protagonistinnen: Eine Skizze -- 4.4 Erhebungsverfahren und Auswertungsschritte -- 4.5 Darstellung der Ergebnisse - Analyse in drei Bildern und zwei Exkursen -- II UTOPIEFRAGMENTE IN DREI BILDERN UND ZWEI EXKURSEN -- 5 Selbsterfindung -- 5.1 Identitäts-Politiken oder vom Umgang mit dem ‚Anderssein' -- 5.1.1 Die Suche nach den eigenen Wurzeln: Ein Dilemma -- 5.1.2 Identität problematisiert -- 5.1.3 Von der Freundschaft -- 5.2 Den Verhältnissen widerstehen -- 5.2.1 Strategien und Programmatiken -- 5.2.2 Zersplitterte Bündnispolitik -- Erster Exkurs: Der Witz und das Lachen -- 6 Grenze -- 6.1 (Nationale) Grenzen und Gewalt -- 6.1.1 Zwischen Ankunft und Rückkehr -- 6.1.2 Körper-Grenzen -- 6.2 Suche nach Grenzenlosigkeit -- 7 Räume -- 7.1 Gelebte Räume.
|
| 505 |
8 |
|
|a 7.1.1 Schutzräume -- 7.1.2 Dystopische Schreckensräume -- 7.2 Erträumte Räume -- 7.2.1 Die visionäre Kraft der Metropolen -- 7.2.2 Politische Räume -- 7.3 Mobilität als Lebensprinzip - Spaced-Off -- Zweiter Exkurs: Dissimilation als Strategie -- Schlussbetrachtung: Utopische Visionen und Verletzlichkeit -- Anhang -- Literatur.
|
| 588 |
|
|
|a Description based on publisher supplied metadata and other sources.
|
| 590 |
|
|
|a Electronic reproduction. Ann Arbor, Michigan : ProQuest Ebook Central, 2023. Available via World Wide Web. Access may be limited to ProQuest Ebook Central affiliated libraries.
|
| 655 |
|
4 |
|a Electronic books.
|
| 776 |
0 |
8 |
|i Print version:
|a Varela, María do Mar Castro
|t Unzeitgemäße Utopien
|d Bielefeld : transcript,c2015
|z 9783899424966
|
| 797 |
2 |
|
|a ProQuest (Firm)
|
| 830 |
|
0 |
|a Kultur und soziale Praxis
|
| 856 |
4 |
0 |
|u https://ebookcentral.proquest.com/lib/matrademy/detail.action?docID=6955686
|z Click to View
|